000 01045nam a22002417a 4500
001 8171
003 FISKH
005 20250901100345.0
008 250829b cb ||||| |||| 00| 0 eng d
020 _a9780571217083
040 _aFISKH
_beng
_cFISKH
_dFISKH
050 _aPZ7.A6776
082 _a 823.914
100 _aArdagh, Philip
245 _aDubious deeds :
_bBook one of the further advenrures of Eddie Dickens /
_cillustrated by David Roberts
260 _aLondon :
_bFaber and faber,
_c2003.
300 _a145 pages :
_billustrations ;
_c20 cm
520 _aEddie Dickens finds himself far from home in the heathery highlands of Scotland for some Further Adventures embracing a whole host of new characters and firm favourites such as Malcolm the stuffed stoat. Including Dubious Deeds, Horrendous Habits and The Final Curtain, fans of Philip Ardagh will gobble up this great gift edition.
650 _aYoung Adult book
_vchildren's fiction
700 _aRoberts, David
_eillustrator
942 _2ddc
_cBK
_n0
999 _c8171
_d8171